<A> Dictionary of the social sciences
Salvato in:
| Altri autori: | , |
|---|---|
| Natura: | Libro |
| Lingua: | inglese |
| Pubblicazione: |
New York
The Free Press
1965
|
| Tags: |
Nessun Tag, puoi essere il primo ad aggiungerne!!
|
MARC
| LEADER | 00000nam a2200000 4500 | ||
|---|---|---|---|
| 001 | c122930 | ||
| 005 | 20041019155226.8 | ||
| 041 | 0 | |a eng | |
| 044 | |a US | ||
| 245 | 1 | 0 | |a <A> Dictionary of the social sciences |c Ed. by Julius Gould and Wiliam L. Kolb |
| 264 | 1 | |a New York |b The Free Press |c 1965 | |
| 300 | |a 761 s. | ||
| 700 | 1 | |a Gould, Julius | |
| 700 | 1 | |a Kolb, Wiliam L. | |